Systémové riadenie

Guardado en:
Detalles Bibliográficos
Autor principal: Lipták, František
Formato: Libro
Lenguaje:eslovaco
Publicado: Bratislava Práca 1978
Colección:Knižnica racionalizácie a riadenia zv. 35/78
Etiquetas: Agregar Etiqueta
Sin Etiquetas, Sea el primero en etiquetar este registro!

MARC

LEADER 00000nam a2200000 4500
001 c119970
005 20220518080149.8
041 0 |a slo 
044 |a SK 
245 1 0 |a Systémové riadenie  |c František Lipták 
264 1 |a Bratislava  |b Práca  |c 1978 
300 |a 142 s. 
490 1 |a Knižnica racionalizácie a riadenia  |v zv. 35/78 
830 0 |a Knižnica racionalizácie a riadenia  |v zv. 35/78 
100 1 |a Lipták, František